000 00527nam a2200193 a 4500
001 1770453311868
003 YourLibrary
005 20260207140842.0
008 260207s2003##################000#0#eng##
020 _a9780071422208
082 0 4 _a333.33
_bTAL
100 1 _aTalbott, John R.,
_eauthor.
245 1 0 _aThe Coming Crash in the Housing Market :
260 _bMcGraw-Hill Education,
_c2003.
300 _a204 pages
650 0 _aBusiness & Economics.
942 _cENGLISH
040 _aYourLibrary
_beng
_cYourLibrary
999 _c610954
_d610954